'If I Didn't Have You' Lyrics (Big Bang Theory) Quiz Stats

 Plays Quiz not verified by Sporcle

Also try: TV Debuts: 2000
Challenge
Share
Tweet
Embed
Score 0/264 Timer 10:00
0 Plays Today
% Correct
Heghlu’meH
100%
jajvam.
100%
QaQ
100%
I
97.3%
I
97.3%
I
97.3%
I
97.3%
I
97.3%
I
97.3%
I
97.3%
I
97.3%
If
96.2%
you,
96.2%
the
96.2%
a
96.2%
a
96.2%
a
96.2%
a
96.2%
a
96.2%
a
96.2%
the
96.2%
the
96.2%
a
96.2%
the
96.2%
and
96.2%
And
96.2%
you,
96.2%
you
96.2%
You
96.2%
and
96.2%
and
96.2%
the
96.2%
you,
96.2%
If
96.2%
you,
96.2%
a
96.2%
and
96.2%
a
96.2%
And
96.2%
you,
96.2%
you
96.2%
and
96.2%
and
96.2%
you
96.2%
the
96.2%
the
96.2%
you,
96.2%
the
96.2%
you,
96.2%
didn't
94.5%
have
94.5%
have
94.5%
didn't
94.5%
have
94.5%
have
94.5%
have
94.5%
have
94.5%
be
91.2%
be
91.2%
be
91.2%
be
91.2%
be
91.2%
be
91.2%
be
91.2%
be
91.2%
be
91.2%
be
91.2%
would
86.3%
would
86.3%
would
86.3%
would
86.3%
would
86.3%
with
85.7%
with
85.7%
with
85.7%
I'd
84.6%
I'd
84.6%
I'd
84.6%
I'd
84.6%
I'd
84.6%
I'd
84.6%
I'd
84.6%
I'd
84.6%
I'd
84.6%
I'd
84.6%
my
84.1%
my
84.1%
my
84.1%
% Correct
my
84.1%
my
84.1%
my
84.1%
my
84.1%
my
84.1%
my
84.1%
my
84.1%
an
82.4%
an
82.4%
life
81.9%
life
81.9%
life
81.9%
life
81.9%
without
80.8%
without
80.8%
without
80.8%
without
80.8%
without
80.8%
without
80.8%
without
80.8%
without
80.8%
without
80.8%
without
80.8%
without
80.8%
without
80.8%
without
80.8%
mom.
79.7%
mom.
79.7%
mom.
79.7%
live
79.1%
live
79.1%
live
79.1%
still
78.6%
still
78.6%
still
78.6%
blue,
77.5%
his
76.9%
his
76.9%
Who
75.8%
Bernadette.
75.3%
Bernadette.
75.3%
Bernadette.
75.3%
he'd
74.2%
met
74.2%
met
74.2%
he'd
74.2%
met
74.2%
met
74.2%
met
74.2%
probably
73.1%
probably
73.1%
we
73.1%
we
73.1%
that
72.5%
that
72.5%
that
72.5%
that
72.5%
Doctor
69.8%
TARDIS,
68.1%
to
68.1%
from
67.6%
from
67.6%
from
67.6%
how
66.5%
moment
66.5%
how
66.5%
moment
66.5%
how
66.5%
moment
66.5%
I'm
65.9%
couldn't
65.4%
couldn't
65.4%
couldn't
65.4%
your
63.7%
on
62.6%
Klingon
62.6%
get,
62.1%
get,
62.1%
get,
62.1%
one
61.5%
You're
61.5%
one,
61.5%
You're
61.5%
one
61.5%
our
61.5%
of
61%
Jobs
60.4%
imagined
60.4%
% Correct
good
60.4%
imagined,
60.4%
good
60.4%
imagined,
60.4%
good
60.4%
more
59.3%
Ever
58.8%
world
58.8%
definitely
58.8%
Ever
58.8%
world
58.8%
com,
57.7%
since
57.7%
since
57.7%
like
57.1%
speak
57.1%
lot
57.1%
like
57.1%
around.
56.6%
around.
56.6%
Wozniak.
56%
turned
56%
turned
56%
dot
55.5%
lives
55.5%
dickey.
54.4%
Oh,
54.4%
much
53.8%
Uranium
53.8%
Uranium
53.8%
isotopes.
53.8%
atom
52.7%
best
52.7%
friend
52.7%
lover.
52.7%
dreary.
52.2%
string
52.2%
theory
52.2%
any
52.2%
string.
52.2%
it
51.1%
harder
51.1%
bomb,
51.1%
crack.
50.5%
almost
50.5%
inseparable
50.5%
Crick.
50%
can't
50%
outfits
49.5%
all
49.5%
all
49.5%
Watson
48.9%
235
48.4%
calculator,
47.8%
dreams
47.3%
hopes.
47.3%
238,
47.3%
other.
47.3%
not
46.7%
equations
45.6%
making
45.1%
We're
45.1%
mac,
44.5%
solving
44.5%
wick,
44%
cheese
44%
supported
42.9%
candle
41.2%
found
39%
electron
39%
binary
38.5%
Buffy
38.5%
Avengers
38.5%
Whedon.
38.5%
Joss
37.9%
exponential
37.4%
Firefly,
37.4%
gun.
36.3%
code
35.7%
bases
34.6%
magnetic
33.5%
fields,
33.5%
changing
31.9%
ray
31.3%
electric
30.8%
uses
30.2%
tube
29.1%
Cathode
28.6%

You're not logged in!

Compare scores with friends on all Sporcle quizzes.
OR
Log In

You Might Also Like...

Show Comments

Extras

Top Quizzes Today


Score Distribution

Your Account Isn't Verified!

In order to create a playlist on Sporcle, you need to verify the email address you used during registration. Go to your Sporcle Settings to finish the process.

Report this User

Report this user for behavior that violates our Community Guidelines.

Details: